000 00806nam a22002051i 4500
001 180612
003 ES-MaACL
005 20230906221139.0
008 120619s1975 sp |||| | spa d
080 _a577.123.3(043.2)
100 1 _aFuste Bagen, Rosario.
_9150622
245 1 0 _aPurificación cinética de actuación de la purin nucleósido fosforilasa hepática de ave /
_cpor Rosario Fuste Bagen.
260 _aBarcelona :
_bUniversidad de Barcelona, Secretariado de Publicaciones, Intercambio Científico y Extensión Universitaria,
_c1975.
300 _a24 p., 2 h. con gráf. ;
_c24 cm.
502 _aTesis-Universidad Barcelona (Extracto)
504 _aBibliografia: p. 22-23.
650 4 _aPurinas.
_9150623
710 2 _aUniversidad de Barcelona.
_97141
852 _aES-MaACL
_jE-15362(151)
999 _c180612
_d180612